Comentarios a la Parte Especial del Codigo Penal (II) (Registro nro. 8177)
[ vista simple ]
| 000 -LEADER | |
|---|---|
| fixed length control field | 01102nam a2200193Ia 4500 |
| 005 - FECHA Y HORA DE LA ÚLTIMA TRANSACCIÓN | |
| control field | 20230518145708.0 |
| 008 - FIXED-LENGTH DATA ELEMENTS--GENERAL INFORMATION | |
| fixed length control field | 230508s9999 xx 000 0 und d |
| 040 ## - CATALOGING SOURCE | |
| Original cataloging agency | UPAN |
| Transcribing agency | Biblioteca San Vicente |
| Description conventions | RCAA2 |
| 041 ## - LANGUAGE CODE | |
| Language code of text/sound track or separate title | Spa |
| 082 ## - DEWEY DECIMAL CLASSIFICATION NUMBER | |
| Classification number | 345 |
| Item number | A775c |
| 100 ## - MAIN ENTRY--PERSONAL NAME | |
| Personal name | Arrieta Gallegos Manuel |
| Relator code | aut. |
| 245 #0 - TITLE STATEMENT | |
| Title | Comentarios a la Parte Especial del Codigo Penal (II) |
| Remainder of title | Dr. Manuel Arrieta Gallegos |
| 250 ## - EDITION STATEMENT | |
| Edition statement | 1ª ed. |
| 260 ## - PUBLICATION, DISTRIBUTION, ETC. (IMPRINT) | |
| Place of publication, distribution, etc | San Salvador: |
| Name of publisher, distributor, etc | Juridica Salvadoreña, |
| Date of publication, distribution, etc | 1997 |
| 300 ## - PHYSICAL DESCRIPTION | |
| Extent | 175 p.: |
| Dimensions | 24 cm. |
| 505 ## - FORMATTED CONTENTS NOTE | |
| Formatted contents note | Pretendo presentar el segundo tomo de esta mi modesta obra COMENTARIOS A LA PARTE ESPECIAL DEL CODIGO PENAL, en el que hago una interpretaciòn y comentario de la tipificaciòn de los delitos contra la Familia, la sociedad, el Estado, contra la comunidad internacional o delitos de Trascendencia Internacional y las faltas, hechos punibles comprendidos en los libros segundp y tercero de nuestro còdigo penal, despuès de haber tratado en el tomo primero de los delitos contra los inapreciables bienes jurìdicos de las personas |
| 650 ## - SUBJECT ADDED ENTRY--TOPICAL TERM | |
| Source of heading or term | LEMB |
| Topical term or geographic name as entry element | Derecho penal |
| 942 ## - ADDED ENTRY ELEMENTS (KOHA) | |
| Koha item type | Libros |
| Source of classification or shelving scheme | Dewey Decimal Classification |
| Withdrawn status | Lost status | Source of classification or shelving scheme | Damaged status | Not for loan | Collection code | Home library | Current library | Date acquired | Total Checkouts | Full call number | Barcode | Date last seen | Copy number | Price effective from | Koha item type |
|---|---|---|---|---|---|---|---|---|---|---|---|---|---|---|---|
| Dewey Decimal Classification | Colección General | Biblioteca UPAN San Vicente | Biblioteca UPAN San Vicente | 08/05/2023 | 345 A775c | 12002578 | 08/05/2023 | 01 | 08/05/2023 | Libros | |||||
| Dewey Decimal Classification | Colección General | Biblioteca UPAN San Vicente | Biblioteca UPAN San Vicente | 08/05/2023 | 345 A775c | 12000729 | 18/05/2023 | 02 | 08/05/2023 | Libros | |||||
| Dewey Decimal Classification | Colección General | Biblioteca UPAN San Vicente | Biblioteca UPAN San Vicente | 08/05/2023 | 345 A775c | 12000728 | 18/05/2023 | 03 | 08/05/2023 | Libros | |||||
| Dewey Decimal Classification | Colección General | Biblioteca UPAN San Vicente | Biblioteca UPAN San Vicente | 08/05/2023 | 345 A775c | 12002579 | 18/05/2023 | 04 | 08/05/2023 | Libros |